Представление документа в формате MARC21

Поле Инд. ПП Название Значение
Тип записи a
Библиографический уровень m
001 Контрольный номер RU/IS/BASE/562679818
005 Дата корректировки 20260602150442.2
040 b Код языка каталог. rus
e Правила каталог. PSBO
041 0_ a Код языка текста rus
097 b Оператор *Ольга*
245 10 a Заглавие Методические указания по выполнению практических работ по дисциплине "Организация предпринимательской деятельности" направления подготовки 38.03.06 Торговое дело. Профиль: Коммерция
b Продолж. заглавия в составе учебно-методического комплекса
c Ответственность Тверской гос. техн. ун-т, Каф. МЕН
c Ответственность разраб. Л.Г. Наумова
260 a Место издания Тверь
b Издательство ТвГТУ
c Дата издания 2016
440 _0 a Серия УМК-П
500 a Примечание 50/2017
516 8_ a Прим. о типе комп. файла/ данных Текст : электронный
520 0_ a Аннотация Составлены с учетом современных требований, предъявляемых к работам данной категории, на основе программы дисциплины «Организация предпринимательской деятельности», разработанной для студентов, обучающихся по направлению 38.03.06 Торговое дело, и утвержденной 22.09.2016.
583 a Действие Приписка : УМК
655 a Жанр/ форма (устаревшее) М
773 18 w Контрольный № источника RU/IS/BASE/562254201
w Контрольный № источника 0a25d4e0e94547afa5317d98df913d22
900 a Имя макрообъекта 001-000124563-000000000-0000-0000-01
901 t Тип документа m
905 a Дата создания записи 30.10.17
c Дата приписки 02.06.26
922 c Кафедра Менеджмент
951 i EL-ТГТУ? Да
952 g 1
a Тип литературы для КСУ ВШ М